zpět

Detail výsledku týmu

Záložna ST, Pardubice

Datum a čas kvízu

32 Celkem bodů Celkový počet nahraných bodů na tomto kvízu bez doplňovacích otázek.
7. Pořadí na kvízu Konečné umístění týmu na tomto kvízu.

Zaznamenané odpovědi

# Otázka Odpověď Body Výsledky
1. Armáda České republiky spustil... hodnost vraníka 0
2. V okolí londýnské stanice metr... Burberry 1
3. Českých sci-fi filmů nebývá ka... Bod obnovy 1
4. V pondělí byla slavnostně zahá... v Brně 1
5. V neděli v Berlíně překonala 2... Etiopii 0
6. O jednom z šílenců na trůně ří... Caligula 1
7. Salvador Dalí coby extravagant... o mravenečníka 1
8. Dokážete přiřadit následující... 1D 2C 3A 4B 1
9. Jak se jmenuje kočka na obrázk... Micka 1
10. Sedmý prezident Spojených stát... A 0